Sociological study of language and social science textbooks produced by the NCER (Record no. 20415)
[ view plain ]
| 000 -LEADER | |
|---|---|
| fixed length control field | 00555nam a2200193Ia 4500 |
| 082 ## - DEWEY DECIMAL CLASSIFICATION NUMBER | |
| Classification number | TS.0983 |
| 100 ## - MAIN ENTRY--AUTHOR NAME | |
| Personal name | Sharma, Jamna Datt |
| 245 #0 - TITLE STATEMENT | |
| Title | Sociological study of language and social science textbooks produced by the NCER |
| 250 ## - EDITION STATEMENT | |
| Edition statement | Jamia Millia Islamia |
| 260 ## - PUBLICATION, DISTRIBUTION, ETC. (IMPRINT) | |
| Place of publication | New Delhi |
| Name of publisher | Jamia Millia Islamia |
| Year of publication | 1991 |
| 300 ## - PHYSICAL DESCRIPTION | |
| Number of Pages | vi, 588 |
| 650 ## - SUBJECT ADDED ENTRY--TOPICAL TERM | |
| Topical Term | NCERT |
| 650 ## - SUBJECT ADDED ENTRY--TOPICAL TERM | |
| Topical Term | Language and education |
| 650 ## - SUBJECT ADDED ENTRY--TOPICAL TERM | |
| Topical Term | Language |
| Form subdivision | Textbooks |
| 650 ## - SUBJECT ADDED ENTRY--TOPICAL TERM | |
| Topical Term | Social science |
| Form subdivision | Textbooks |
| 650 ## - SUBJECT ADDED ENTRY--TOPICAL TERM | |
| Topical Term | Textbooks |
| Form subdivision | Authorship |
| 710 ## - ADDED ENTRY--CORPORATE NAME | |
| Corporate name or jurisdiction name as entry element | S.P. Ruhela |
| 942 ## - ADDED ENTRY ELEMENTS (KOHA) | |
| Koha item type | Thesis |
| Source of classification or shelving scheme | Dewey Decimal Classification |
| Withdrawn status | Lost status | Damaged status | Not for loan | Home library | Current library | Date acquired | Bill Date | Full call number | Accession Number | Price effective from | Koha item type |
|---|---|---|---|---|---|---|---|---|---|---|---|
| NASSDOC Library | NASSDOC Library | 31/12/1899 | 2006-03-06 | TS.0983 | 43769 | 18/04/2019 | Thesis |
